UBT Library

Sustainable management of headwater resources : (Record no. 994)

000 -LEADER
fixed length control field 01243nam a22003017a 4500
008 - FIXED-LENGTH DATA ELEMENTS--GENERAL INFORMATION
fixed length control field 150604b xxu||||| |||| 00| 0 eng d
020 ## - INTERNATIONAL STANDARD BOOK NUMBER
International Standard Book Number 9280811088
041 0# - LANGUAGE CODE
Language code of text/sound track or separate title eng
080 ## - UNIVERSAL DECIMAL CLASSIFICATION NUMBER
Universal Decimal Classification number 338.43
111 ## -
-- International Conference on Sustainable Management of Headwater Resources
-- Nairobi, Kenya)
-- (2002 :
245 10 - TITLE STATEMENT
Title Sustainable management of headwater resources :
Statement of responsibility, etc edited by Libor Jansky, Martin J. Haigh and Haushila Prasad.
260 ## -
-- Tokyo ;
-- United Nations University Press,
260 ## -
-- New York, NY :
-- c2005.
300 ## -
-- 304 f
-- me il
-- 24 cm.
500 ## -
-- preface:fXIV-XV
650 #0 -
-- Watershed management
-- Congresses.
-- Africa
650 #0 -
-- Mountain watersheds
-- Congresses.
-- Management
-- Africa
650 #0 -
-- Water resources development
-- Congresses.
-- Africa
650 #0 -
-- Sustainable development
-- Congresses.
-- Africa
650 #0 -
-- Watershed management
-- Congresses.
-- India
650 #0 -
-- Mountain watersheds
-- Congresses.
-- Management
-- India
650 #0 -
-- Water resources development
-- Congresses.
-- India
650 #0 -
-- Sustainable development
-- Congresses.
-- India
700 ## -
-- Jansky, Libor.
700 ## -
-- Haigh, Martin J.,
700 ## -
-- Prasad, Haushila.
942 ## - ADDED ENTRY ELEMENTS (KOHA)
Source of classification or shelving scheme
Item type Books
Holdings
Withdrawn status Lost status Source of classification or shelving scheme Damaged status Not for loan Collection code Permanent location Current location Shelving location Date acquired Total Checkouts Full call number Barcode Date last seen Koha item type Price effective from
          Koleksioni i përgjithshem UBT - Lipjan UBT - Lipjan Koleksioni i përgjithshem 06/04/2015   338.43 JAN 002-008499 06/04/2015 Books  
          Koleksioni i përgjithshem UBT - Lipjan UBT - Lipjan Koleksioni i përgjithshem 10/06/2015   338.43 JAN 002-008495 10/06/2015 Books 10/06/2015
          Koleksioni i përgjithshem UBT - Lipjan UBT - Lipjan Koleksioni i përgjithshem 10/06/2015   338.43 JAN 002-008496 10/06/2015 Books 10/06/2015
          Koleksioni i përgjithshem UBT - Lipjan UBT - Lipjan Koleksioni i përgjithshem 10/06/2015   338.43 JAN 002-008497 10/06/2015 Books 10/06/2015
          Koleksioni i përgjithshem UBT - Lipjan UBT - Lipjan Koleksioni i përgjithshem 10/06/2015   338.43 JAN 002-008498 10/06/2015 Books 10/06/2015
          Koleksioni i përgjithshem UBT - Lipjan UBT - Lipjan Koleksioni i përgjithshem 10/06/2015   338.43 JAN 002-008500 10/06/2015 Books 10/06/2015
          Koleksioni i përgjithshem UBT - Lipjan UBT - Lipjan Koleksioni i përgjithshem 10/06/2015   338.43 JAN 002-008501 10/06/2015 Books 10/06/2015
          Koleksioni i përgjithshem UBT - Lipjan UBT - Lipjan Koleksioni i përgjithshem 10/06/2015   338.43 JAN 002-008502 10/06/2015 Books 10/06/2015
          Koleksioni i përgjithshem UBT - Lipjan UBT - Lipjan Koleksioni i përgjithshem 10/06/2015   338.43 JAN 002-008503 10/06/2015 Books 10/06/2015
          Koleksioni i përgjithshem UBT - Lipjan UBT - Lipjan Koleksioni i përgjithshem 10/06/2015   338.43 JAN 002-008504 10/06/2015 Books 10/06/2015
          Koleksioni i përgjithshem UBT - Lipjan UBT - Lipjan Koleksioni i përgjithshem 10/07/2015   338.43 JAN 002-008541 10/07/2015 Books 10/07/2015
          Koleksioni i përgjithshem UBT - Lipjan UBT - Lipjan Koleksioni i përgjithshem 10/07/2015   338.43 JAN 002-008540 10/07/2015 Books 10/07/2015
          Koleksioni i përgjithshem UBT - Lipjan UBT - Lipjan Koleksioni i përgjithshem 10/07/2015   338.43 JAN 002-008542 10/07/2015 Books 10/07/2015
          Koleksioni i përgjithshem UBT - Lipjan UBT - Lipjan Koleksioni i përgjithshem 10/07/2015   338.43 JAN 002-008520 10/07/2015 Books 10/07/2015
          Koleksioni i përgjithshem UBT - Lipjan UBT - Lipjan Koleksioni i përgjithshem 10/07/2015   338.43 JAN 002-008521 10/07/2015 Books 10/07/2015
          Koleksioni i përgjithshem UBT - Lipjan UBT - Lipjan Koleksioni i përgjithshem 10/07/2015   338.43 JAN 002-008522 10/07/2015 Books 10/07/2015
          Koleksioni i përgjithshem UBT - Lipjan UBT - Lipjan Koleksioni i përgjithshem 10/07/2015   338.43 JAN 002-008523 10/07/2015 Books 10/07/2015
          Koleksioni i përgjithshem UBT - Lipjan UBT - Lipjan Koleksioni i përgjithshem 10/07/2015   338.43 JAN 002-008524 10/07/2015 Books 10/07/2015
UBT Library © 2015-2024. All rights reserved University Education for Business and Technology